Reinforced Concrete Design IS: 456-2000 Principles and Practice (Record no. 5070)
[ view plain ]
| 000 -LEADER | |
|---|---|
| fixed length control field | 00330nam a2200109Ia 4500 |
| 008 - FIXED-LENGTH DATA ELEMENTS--GENERAL INFORMATION | |
| fixed length control field | 200302s9999 xx 000 0 und d |
| 100 ## - MAIN ENTRY--PERSONAL NAME | |
| Personal name | N. Krishna Raju & Other |
| 245 ## - TITLE STATEMENT | |
| Title | Reinforced Concrete Design IS: 456-2000 Principles and Practice |
| 260 ## - PUBLICATION, DISTRIBUTION, ETC. | |
| Name of publisher, distributor, etc. | New Age International Pvt. Ltd. Publishers |
| 260 ## - PUBLICATION, DISTRIBUTION, ETC. | |
| Date of publication, distribution, etc. | 2006 |
| 300 ## - PHYSICAL DESCRIPTION | |
| Extent | 611 P., |
| Withdrawn status | Lost status | Damaged status | Not for loan | Permanent Location | Current Location | Date acquired | Cost, normal purchase price | Full call number | Barcode | Date last seen | Price effective from | Koha item type | Total Checkouts | Date last checked out | Source of classification or shelving scheme |
|---|---|---|---|---|---|---|---|---|---|---|---|---|---|---|---|
| BMS College of Architecture, Design and Planning | BMS College of Architecture, Design and Planning | 2020-03-03 | 250.00 | 693.5 | CL-UG49853 | 2023-10-19 | 2020-03-03 | UG Books from CL | |||||||
| BMS College of Architecture, Design and Planning | BMS College of Architecture, Design and Planning | 2020-03-03 | 250.00 | 693.5 | CL-UG56632 | 2022-01-03 | 2020-03-03 | UG Books from CL | 1 | 2021-12-20 | |||||
| BMS College of Architecture, Design and Planning | BMS College of Architecture, Design and Planning | 2020-03-03 | 250.00 | 624.18341 RAJ | CL-UGTQ1874 | 2020-03-03 | 2020-03-03 | UG Books from CL |